|
|
|
|
| LEADER |
01044nam a2200241 a 4500 |
| 001 |
00027351 |
| 008 |
130729s2005 enka b 001 0 eng |
| 020 |
|
|
|a 0077103920
|
| 040 |
|
|
|a BD-DhAAL
|c BD-DhAAL.
|
| 082 |
0 |
0 |
|a 658.15
|2 20
|
| 100 |
1 |
|
|a Earl, Peter
|
| 245 |
1 |
0 |
|a Business economics :
|b a contemporary approach /
|c Peter Earl, Tim Wakeley
|
| 260 |
|
|
|a London :
|b McGraw-Hill,
|c c2005
|
| 300 |
|
|
|a xx, 561 p. :
|b ill. ;
|c 27 cm.
|
| 504 |
|
|
|a Includes bibliographical references and index.
|
| 541 |
|
|
|e 00027351
|
| 650 |
|
0 |
|a Business enterprises
|x Finance
|
| 650 |
|
0 |
|a Managerial economics
|
| 700 |
1 |
|
|a Wakeley, Tim
|
| 852 |
1 |
|
|a Ayesha Abed Library
|j General shelf.
|
| 999 |
|
|
|c 13786
|d 13786
|
| 952 |
|
|
|0 0
|1 0
|4 0
|6 658_150000000000000_EAR
|7 0
|9 23054
|a IGS
|b IGS
|c GEN
|d 2013-07-30
|e Trim Education
|g 5830.00
|l 0
|o 658.15 EAR
|p 3010027351
|r 2013-07-30
|t 1
|w 0000-00-00
|y BK
|x Available
|
| 952 |
|
|
|0 0
|1 0
|4 0
|6 658_150000000000000_EAR
|7 0
|9 23055
|a IGS
|b IGS
|c GEN
|d 2013-07-30
|e Trim Education
|g 5830.00
|l 0
|o 658.15 EAR
|p 3010027352
|r 2013-07-30
|t 2
|w 0000-00-00
|y BK
|x Available
|